Leyes N§ 18.351 a la 18.400 aprobadas bajo la Constitución de 1980

Tallennettuna:
Bibliografiset tiedot
Aineistotyyppi: Kirja
Kieli:espanja
Julkaistu: Santiago Jurídica de Chile 1985
Sarja:Textos Legales, 96
Aiheet:
Tagit: Lisää tagi
Ei tageja, Lisää ensimmäinen tagi!

MARC

LEADER 00000nam a2200000 a 4500
001 UCR0788
003 CL-VaPUC
008 971205e19850000CL |||||||||||||||||spa|d
082 0 4 |a 348.022  |b LEY  |2 21 
245 1 0 |a Leyes N§ 18.351 a la 18.400 aprobadas bajo la Constitución de 1980 
300 |a 345 p 
942 |c BK 
945 |d 19971205 00:00:00  |a lriquelm 
260 |a Santiago  |b Jurídica de Chile  |c 1985 
650 7 |a LEGISLACION  |2 CL-VaPUC  |9 397142 
650 0 |a Leyes  |9 256670 
650 7 |a FUENTES  |2 CL-VaPUC  |9 255666 
650 7 |a DERECHO CHILENO  |2 CL-VaPUC  |9 397143 
650 7 |a DECRETO CON FUERZA DE LEY  |2 CL-VaPUC  |9 358086 
651 7 |a CHILE  |2 CL-VaPUC  |9 397144 
583 |a last modification  |c 19971205 00:00:00  |k Rodrigo Vera 
490 0 |a Textos Legales, 96 
999 |c 264286  |d 264284